Enstars (Ensemble Stars Music) Character Quiz - Statistics

General Stats
  • This quiz has been taken 469 times
  • The average score is 39 of 49
Answer Stats
Units Character % Correct
Crazy:B Rinne Amagi
93%
Akaloid Hiiro Amagi
92%
fine Wataru Hibiki
92%
fine Eichi Tenshouin
91%
Undead Rei Sakuma
91%
Knights Ritsu Sakuma
90%
Trickstar Subaru Akehoshi
90%
Crazy:B HiMERU
87%
2wink Hinata Aoi
87%
2wink Yuta Aoi
87%
Trickstar Makoto Yuuki
86%
Trickstar Mao Isara
86%
Valkyrie Shu Itsuki
86%
fine Tori Himemiya
86%
Knights Izumi Sena
85%
Valkyrie Mika Kagehira
85%
Crazy:B Niki Shiina
85%
Ryuseitai Kanata Shinkai
83%
Eden Nagisa Ran
83%
Ra*bits Nazuna Nito
83%
Eden Hiyori Tomoe
82%
Akaloid Mayoi Ayase
82%
Trickstar Hokuto Hidaka
81%
Knights Arashi Narukami
80%
Undead Koga Ogami
80%
Knights Leo Tsukinaga
80%
Akaloid Aira Shiratori
79%
Ryuseitai Chiaki Morisawa
79%
Switch Tsumugi Aoba
79%
Undead Kaoru Hakaze
78%
Ra*bits Hajime Shino
77%
Knights Tsukasa Suou
77%
Undead Adonis Otogari
76%
Ryuseitai Shinobu Sengoku
76%
fine Yuzuru Fushimi
76%
Eden Ibara Saegusa
75%
Eden Jun Sazanami
75%
Akatsuki Kuro Kiryu
75%
Crazy:B Kohaku Oukawa
74%
Ra*bits Mitsuru Tenma
74%
Switch Natsume Sakasaki
74%
Switch Sora Harukawa
74%
Akaloid Tatsumi Kazehaya
74%
Akatsuki Keito Hasumi
72%
Akatsuki Souma Kanzaki
71%
Ryuseitai Midori Takamine
70%
Ryuseitai Tetora Nagumo
68%
Ra*bits Tomoya Mashiro
65%
MaM Mandara Mikejima
10%
No matching quizzes found
Score Distribution
Percent of People with Each Score
Percentile by Number Answered
Your Score History
You have not taken this quiz